Systém pre kontinuálne snímanie fyzikálnej veličiny

Salvato in:
Dettagli Bibliografici
Autore principale: Kadlic, Štefan (Autore)
Altri autori: Bernát, Dušan (Relatore della tesi)
Natura: Manoscritto Libro
Lingua:slovacco
Pubblicazione: 2016
Soggetti:
Accesso online:http://is.stuba.sk/zp/portal_zp.pl?podrobnosti=131596
Tags: Aggiungi Tag
Nessun Tag, puoi essere il primo ad aggiungerne!!

MARC

LEADER 00000ntm a22000003a 4500
001 stuzp59060
003 SK-STU
005 20160719155743.3
007 ta
008 150427s2015----xo-----f-mn---000-0-slo-d
040 |a STU  |b slo 
041 0 |a slo 
100 1 |a Kadlic, Štefan  |u 070400  |4 aut  |U FIIT Fakulta informatiky a informačných technológií  |T FIIT Ústav počítačového inžinierstva a aplikovanej informatiky  |X 9134  |U I400  |Y 672  |7 9134 
242 0 1 |a SYSTEM FOR CONTINUOUS SHOOTING OF PHYSICAL QUANTITY  |y eng 
245 1 0 |a Systém pre kontinuálne snímanie fyzikálnej veličiny 
260 |c 2016 
650 4 |a snímanie fyzikálnej veličiny  |2 slo 
650 4 |a komunikačný protokol  |2 slo 
650 4 |a snímací modul  |2 slo 
650 4 |a SHOOTING OF PHYSICAL QUANTITY  |2 eng 
650 4 |a shooting module  |2 eng 
650 4 |a communication protocol  |2 eng 
700 1 |a Bernát, Dušan  |u 070400  |k Z2  |4 ths  |U FIIT Fakulta informatiky a informačných technológií  |T FIIT Ústav počítačového inžinierstva a aplikovanej informatiky  |X 1887  |U I400  |Y 672  |7 1887 
856 4 |u http://is.stuba.sk/zp/portal_zp.pl?podrobnosti=131596 
996 |b 284IB00195  |c I*BAP 35/2016  |l II680  |s P  |a 0  |w stuzp59060_0001 
SQL |a stuzp59060  |b DBP  |c SLO  |d Systém pre kontinuálne snímanie fyzikálnej veličiny  |e 9134  |f Kadlic, Štefan  |g 070400  |h 1887  |i Bernát, Dušan  |j 20160621  |k 1285  |l 07  |m http://is.stuba.sk/zp/portal_zp.pl?podrobnosti=131596  |n B-IT  |o 9.2.4. počítačové inžinierstvo